MARC

Tag First Indicator Second Indicator Subfields
LEADER 00000nam a2200000 a 4500
001 in00004681007
006 m o d
007 cr bn||||||abp
007 cr bn||||||ada
008 100712s1990 dcua ob 000 0 eng d
005 20260214232349.8
020 |a 9781118663868  |q (electronic bk.) 
020 |a 1118663861  |q (electronic bk.) 
020 |z 0875900267 
020 |z 9780875900261 
035 |a wil6007436 
035 |a (NhCcYBP)wil6007436 
040 |a NhCcYBP  |b eng  |c NhCcYBP 
042 |a dlr 
050 4 |a QB528  |b .P48 1990 
082 0 4 |a 523.7/4  |2 20 
084 |a OE 42  |2 blsrissc 
084 |a OY 06  |2 blsrissc 
245 0 0 |a Physics of magnetic flux ropes /  |c C.T. Russell, E.R. Priest, L.C. Lee, editors. 
260 |a Washington, D.C. :  |b American Geophysical Union,  |c ©1990. 
300 |a 1 online resource (1 inline resource (xvi, 685 pages)) :  |b illustrations 
336 |a text  |b txt  |2 rdacontent 
337 |a computer  |b c  |2 rdamedia 
338 |a online resource  |b cr  |2 rdacarrier 
490 1 |a Geophysical monograph ;  |v 58 
504 |a Includes bibliographical references. 
533 |a Electronic reproduction.  |b [Place of publication not identified] :  |c HathiTrust Digital Library,  |d 2010.  |5 MiAaHDL 
538 |a Master and use copy. Digital master created according to Benchmark for Faithful Digital Reproductions of Monographs and Serials, Version 1. Digital Library Federation, December 2002.  |u http://purl.oclc.org/DLF/benchrepro0212  |5 MiAaHDL 
583 1 |a digitized  |c 2010  |h HathiTrust Digital Library  |l committed to preserve  |2 pda  |5 MiAaHDL 
588 0 |a Print version record. 
650 0 |a Solar photosphere. 
650 0 |a Magnetic flux. 
650 0 |a Astrophysics. 
655 4 |a Electronic books. 
700 1 |a Russell, C. T.  |q (Christopher T.) 
700 1 |a Priest, E. R.  |q (Eric Ronald),  |d 1943- 
700 1 |a Lee, L. C.  |q (Lou-Chuang),  |d 1947- 
710 2 |a American Geophysical Union. 
711 2 |a American Geophysical Union Chapman Conference on the Physics of Magnetic Flux Ropes  |d (1989 :  |c Hamilton, Bermuda Islands) 
776 0 8 |i Print version:  |t Physics of magnetic flux ropes.  |d Washington, D.C. : American Geophysical Union, ©1990  |z 0875900267  |w (DLC) 90000745 
830 0 |a Geophysical monograph ;  |v 58. 
856 4 0 |u http://proxy.library.tamu.edu/login?url=https://onlinelibrary.wiley.com/book/10.1029/GM058  |z Connect to the full text of this electronic book  |t 0 
955 |a Wiley EBA record 
975 |p Wiley UBCM Full Collection 2026 
999 f f |s 0cfb581c-5bdb-42cc-b429-4edb03639336  |i db0d6cc0-7fb2-4b05-9bbd-2e53c26e3672  |t 0 
952 f f |a Texas A&M University  |b College Station  |c Electronic Resources  |s evans_pda  |d Available Online  |t 0  |e QB528 .P48 1990  |h Library of Congress classification 
998 f f |a QB528 .P48 1990  |t 0  |l Available Online